Análisis del concepto original sobre la explotación del Río Arenal y su desarrollo posterior como un proyecto de múltiples propósitos

Furkejuvvon:
Bibliográfalaš dieđut
Váldodahkki: Villalobos Chaves, Chálberth
Materiálatiipa: Girji
Giella:Undetermined
Almmustuhtton: [San José, Costa Rica] 2003
Fáttát:
Fáddágilkorat: Lasit fáddágilkoriid
Eai fáddágilkorat, Lasit vuosttaš fáddágilkora!

MARC

LEADER 00000nam a2200000Ia 4500
001 4717
003 009175
005 20221231144147.0
008 140114s9999 xx 000 0 und d
040 |c cru CEDI 
100 |a Villalobos Chaves, Chálberth  |9 6964 
245 |a Análisis del concepto original sobre la explotación del Río Arenal y su desarrollo posterior como un proyecto de múltiples propósitos  
260 |c 2003  |a [San José, Costa Rica] 
300 |a  130, [13] hojas : ilustraciones a color, 3 mapas color, fotografías color  
500 |a  Proyecto de graduación (licenciatura en ingeniería civil)-- Universidad de Costa Rica. Escuela de Ingeniería Civil 
650 |x  PROYECTO DE RIEGO ARENAL-TEMPISQUE (COSTA RICA)   |x INSTITUTO COSTARRICENSE DE ELECTRICIDAD. PROYECTO HIDROELECTRICO ARENAL  |x SUMINISTRO DE AGUA   |x DESARROLLO DE RECURSOS HIDRICOS   |x AGUA DE RIEGO LinkRIEGO   |x - ARENAL (TILARAN, GUANACASTE, COSTA RICA)   |x EMBALSES   |x  RIO ARENAL (COSTA RICA)  |9 6966 
942 |c TFG 
999 |c 17764  |d 17764